000 00409nam a22001817a 4500
003 OSt
008 240430b |||||||| |||| 00| 0 eng d
020 _a9789355730978
082 _a174.4 FEB
100 _aFERRELL,OC
245 _aBusiness Ethics
250 _a12th Ed
260 _aNew delhi
_bCengage
_c2023
300 _a585
700 _aFRAEDRICH,John
700 _aFERRELL,Linda
942 _2ddc
_cBK
999 _c12587
_d12587